| 000 | 00407nam a2200145Ia 4500 | ||
|---|---|---|---|
| 008 | 230917s9999||||xx |||||||||||||| ||und|| | ||
| 040 |
_e206605 _aMAIN |
||
| 041 | _aEnglish | ||
| 082 | _a791.430954 G158P | ||
| 100 | _aGanti, Tejaswini | ||
| 245 | 0 | _aProducing Bollywood: Inside the contemporary hindi film industry | |
| 260 |
_aNew Delhi _bOrient Blackswan _c2012 |
||
| 300 | _axiv, 424 p. | ||
| 942 | _cBK | ||
| 999 |
_c174706 _d174706 |
||